[Event "TUR-chT U18"]
[Site "Karaman"]
[Date "2024.04.23"]
[Round "5"]
[White "Aslan, Ela"]
[Black "Cetinavci, Irmak"]
[Result "1-0"]
[WhiteElo "1659"]
[BlackElo "1607"]
[PlyCount "165"]
[EventDate "2024.04.21"]
[EventType "team-tourn"]
[EventRounds "9"]
[EventCountry "TUR"]
[SourceTitle "EXT 2025"]
[Source "ChessBase"]
[SourceDate "2024.10.14"]
[SourceVersion "1"]
[SourceVersionDate "2024.10.14"]
[SourceQuality "1"]

1. d4 d5 2. c4 e6 3. Nc3 Nf6 4. cxd5 exd5 5. Bf4 Bd6 6. Bxd6 Qxd6 7. e3 c6 8. Rc1 Bf5 9. Qb3 Qe7 10. Nf3 0-0 11. Be2 Rc8 12. Ne5 Qc7 13. 0-0 Qb6 14. Qa3 Nbd7 15. f4 Ne4 16. Nxe4 dxe4 17. Nc4 Qd8 18. Nd6 Be6 19. Nxc8 Qxc8 20. Rfd1 Qd8 21. Qb4 Rb8 22. b3 Qh4 23. a4 Nf6 24. Rc2 Nd5 25. Qd2 Nf6 26. Bc4 Bg4 27. Rdc1 Bd7 28. d5 Ng4 29. h3 Nh6 30. dxc6 Bxc6 31. Rd1 Nf5 32. Qf2 Qf6 33. Rcd2 h5 34. Bd5 Bxd5 35. Rxd5 h4 36. Qd2 Kh7 37. Re5 Ng3 38. Rc5 Qb6 39. b4 Qe6 40. Qd5 Qg6 41. Qg5 Qxg5 42. fxg5 Kg6 43. Rd7 Nf5 44. Kf2 b6 45. Rcc7 Kxg5 46. Rxa7 f6 47. b5 Rc8 48. Rac7 Ra8 49. Rc4 Rb8 50. Rxe4 Rc8 51. Rg4+ Kh6 52. Rb7 Rc2+ 53. Kf3 Rc3 54. Re4 Rc1 55. Ke2 Rc2+ 56. Kd3 Rxg2 57. Rxb6 Rg3 58. a5 Rxh3 59. a6 Rh1 60. a7 Ra1 61. Ra6 Rd1+ 62. Kc3 Rc1+ 63. Kb2 Rc8 64. a8Q Rxa8 65. Rxa8 Kg5 66. b6 Ng3 67. Rxh4 Kxh4 68. b7 Nf5 69. b8Q Nxe3 70. Qf4+ Kh5 71. Rh8+ Kg6 72. Qxe3 f5 73. Rh3 Kf6 74. Rg3 g6 75. Qg5+ Ke5 76. Qxg6 f4 77. Rf3 Kd5 78. Rxf4 Ke5 79. Qf6+ Kd5 80. Rd4+ Kc5 81. Qd6+ Kb5 82. Rb4+ Ka5 83. Qb6# 1-0

[Event "TUR-chT U18"]
[Site "Karaman"]
[Date "2024.04.23"]
[Round "6"]
[White "Ozgor, Ezel"]
[Black "Aslan, Ela"]
[Result "1/2-1/2"]
[WhiteElo "1741"]
[BlackElo "1659"]
[PlyCount "114"]
[EventDate "2024.04.21"]
[EventType "team-tourn"]
[EventRounds "9"]
[EventCountry "TUR"]
[SourceTitle "EXT 2025"]
[Source "ChessBase"]
[SourceDate "2024.10.14"]
[SourceVersion "1"]
[SourceVersionDate "2024.10.14"]
[SourceQuality "1"]

1. d4 d5 2. Nf3 Nf6 3. c4 e6 4. e3 Be7 5. Nc3 0-0 6. a3 a5 7. b3 Nbd7 8. Bb2 c5 9. cxd5 exd5 10. Rc1 Re8 11. Be2 b6 12. Ne5 Ba6 13. Bxa6 Rxa6 14. Nc6 Qa8 15. Qd3 c4 16. Nxe7+ Rxe7 17. Qc2 Qc6 18. a4 Ra8 19. Nb5 Rae8 20. 0-0 Ne4 21. Rfd1 Nf8 22. bxc4 dxc4 23. d5 Qg6 24. Qxc4 Nc5 25. Ba3 Re4 26. Rd4 Rxd4 27. Nxd4 Nfd7 28. Qb5 Qe4 29. Qc6 h5 30. Bxc5 Nxc5 31. Qxb6 Nd3 32. Rd1 h4 33. d6 h3 34. Qc6 Qg4 35. Qf3 Qxf3 36. Nxf3 Nc5 37. gxh3 Nxa4 38. d7 Rd8 39. Ne5 Nc5 40. Rd5 Ne6 41. Nc6 Kf8 42. Nxd8 Nxd8 43. Rxa5 Ke7 44. Re5+ Kxd7 45. Rd5+ Ke7 46. Rxd8 Kxd8 47. Kg2 Ke7 48. f4 Kf6 49. Kf3 Kg6 50. h4 Kh5 51. Kg3 f5 52. Kf3 Kxh4 53. e4 fxe4+ 54. Kxe4 Kh3 55. Kf5 Kxh2 56. Kg6 Kg3 57. Kxg7 Kxf4 1/2-1/2

[Event "TUR-chT U18"]
[Site "Karaman"]
[Date "2024.04.21"]
[Round "3"]
[White "Karadas, Hena"]
[Black "Aslan, Ela"]
[Result "0-1"]
[WhiteElo "1775"]
[BlackElo "1659"]
[PlyCount "54"]
[EventDate "2024.04.21"]
[EventType "team-tourn"]
[EventRounds "9"]
[EventCountry "TUR"]
[SourceTitle "EXT 2025"]
[Source "ChessBase"]
[SourceDate "2024.10.14"]
[SourceVersion "1"]
[SourceVersionDate "2024.10.14"]
[SourceQuality "1"]

1. e4 c5 2. Nf3 e6 3. d3 d5 4. Nbd2 Nc6 5. g3 Nf6 6. Bg2 Be7 7. 0-0 Qc7 8. Re1 b6 9. h4 Bb7 10. c3 h6 11. a3 0-0-0 12. b4 Rdg8 13. Nf1 dxe4 14. dxe4 Nd7 15. bxc5 Nxc5 16. Nd4 Rd8 17. Qc2 Ne5 18. Be3 Ba6 19. Nd2 Ng4 20. Bf3 h5 21. Bxg4 hxg4 22. a4 Bxh4 23. gxh4 Rxh4 24. Nf1 Rdh8 25. e5 Qb7 26. f3 Rh1+ 27. Kf2 Nd3+ 0-1

[Event "Wch U12 Girls"]
[Site "Sharm El Sheikh"]
[Date "2023.10.22"]
[Round "7"]
[White "Aslan, Ela"]
[Black "Nova, Anezka"]
[Result "1/2-1/2"]
[WhiteElo "1433"]
[BlackElo "1413"]
[PlyCount "84"]
[EventDate "2023.10.16"]
[EventType "swiss"]
[EventRounds "11"]
[EventCountry "EGY"]
[SourceTitle "EXT 2025"]
[Source "ChessBase"]
[SourceDate "2024.10.14"]
[SourceVersion "1"]
[SourceVersionDate "2024.10.14"]
[SourceQuality "1"]

1. Nf3 Nf6 2. g3 d5 3. Bg2 Bf5 4. 0-0 h6 5. c4 e6 6. d4 c6 7. Nc3 Be7 8. Bf4 0-0 9. Nd2 g5 10. Be5 Nbd7 11. Bxf6 Nxf6 12. c5 b6 13. b4 bxc5 14. bxc5 Qc7 15. Nb3 e5 16. e3 e4 17. Rb1 Rab8 18. Qe2 Qc8 19. Rb2 Bh3 20. Rfb1 Bxg2 21. Kxg2 Bd8 22. a3 Kg7 23. Nc1 Rxb2 24. Rxb2 Ba5 25. N3a2 Nd7 26. Nb4 Bxb4 27. axb4 a6 28. Ra2 Nb8 29. Ra5 f5 30. f4 g4 31. Na2 h5 32. Kg1 Rh8 33. Nc3 Qd8 34. Ra2 Kg6 35. Na4 Qc8 36. Nb6 Qd8 37. Qc2 h4 38. Qg2 hxg3 39. hxg3 Qc7 40. Ra3 Qh7 41. Ra2 Qc7 42. Ra3 Qh7 1/2-1/2

[Event "Wch U12 Girls"]
[Site "Sharm El Sheikh"]
[Date "2023.10.21"]
[Round "6"]
[White "Altynbek, Aiaru"]
[Black "Aslan, Ela"]
[Result "1-0"]
[WhiteElo "1628"]
[BlackElo "1433"]
[PlyCount "199"]
[EventDate "2023.10.16"]
[EventType "swiss"]
[EventRounds "11"]
[EventCountry "EGY"]
[SourceTitle "EXT 2025"]
[Source "ChessBase"]
[SourceDate "2024.10.14"]
[SourceVersion "1"]
[SourceVersionDate "2024.10.14"]
[SourceQuality "1"]

1. d4 d5 2. c4 e6 3. Nf3 Nf6 4. Nc3 c5 5. cxd5 exd5 6. Bg5 Be6 7. e3 Be7 8. Bb5+ Nfd7 9. Bxe7 Qxe7 10. dxc5 Qxc5 11. Nd4 0-0 12. Nxe6 fxe6 13. 0-0 Nf6 14. Be2 Nc6 15. Qa4 Rac8 16. Rac1 Qe7 17. Qh4 e5 18. Bf3 e4 19. Bd1 Qe5 20. Bb3 Na5 21. Qh3 Nxb3 22. axb3 Rc6 23. Rfd1 Rfc8 24. Rd4 R8c7 25. Rcd1 a6 26. Kf1 Rd6 27. Rb4 b6 28. Rbd4 b5 29. Na2 Kf7 30. Nc3 Rc5 31. Ra1 Rb6 32. b4 Rc4 33. Rad1 Rxd4 34. Rxd4 Rc6 35. Ke2 h6 36. Ke1 Kg8 37. Kd1 Kh8 38. Ke1 Qg5 39. Qg3 Qxg3 40. hxg3 Rd6 41. f3 exf3 42. gxf3 Kg8 43. e4 Kf7 44. e5 Re6 45. f4 g5 46. Nxd5 Ng4 47. Ke2 h5 48. Kf3 Rc6 49. Nc3 Ke6 50. Ne4 gxf4 51. gxf4 Nxe5+ 52. fxe5 Kxe5 53. Ke3 Rc1 54. Nc3 Re1+ 55. Kd3 Rh1 56. Rd5+ Ke6 57. Rc5 Kd7 58. Ne2 h4 59. Rh5 Kc7 60. Nf4 Rh2 61. Kc3 Rh1 62. Rh6 Kb7 63. Kd3 Rh2 64. b3 Rb2 65. Rh7+ Kc6 66. Rh6+ Kb7 67. Kc3 Rh2 68. Ng6 Rh3+ 69. Kb2 Rh2+ 70. Ka3 h3 71. Nf4 Rf2 72. Nxh3 Rd2 73. Ng5 Re2 74. Re6 Rd2 75. Ne4 Rd1 76. Nc5+ Kc7 77. Nxa6+ Kb7 78. Nc5+ Kc7 79. Kb2 Rg1 80. Kc3 Rg3+ 81. Kd4 Rg1 82. Ne4 Rb1 83. Kc5 Rxb3 84. Kxb5 Rh3 85. Re7+ Kd8 86. Rg7 Re3 87. Nc5 Rf3 88. Ka5 Rf5 89. Rg6 Kc7 90. Ka6 Rf3 91. Ne6+ Kd7 92. b5 Ra3+ 93. Kb7 Rc3 94. b6 Rc2 95. Nd4 Rc4 96. Nc6 Rc2 97. Nb8+ Ke7 98. Ka7 Rc8 99. b7 Rc1 100. Na6 1-0

[Event "Wch U12 Girls"]
[Site "Sharm El Sheikh"]
[Date "2023.10.20"]
[Round "5"]
[White "Aslan, Ela"]
[Black "Buyankhishig, Batpelden"]
[Result "1-0"]
[WhiteElo "1433"]
[BlackElo "1822"]
[PlyCount "107"]
[EventDate "2023.10.16"]
[EventType "swiss"]
[EventRounds "11"]
[EventCountry "EGY"]
[SourceTitle "EXT 2025"]
[Source "ChessBase"]
[SourceDate "2024.10.14"]
[SourceVersion "1"]
[SourceVersionDate "2024.10.14"]
[SourceQuality "1"]

1. Nf3 Nf6 2. g3 d6 3. Bg2 e5 4. 0-0 Be7 5. c4 0-0 6. d4 Nbd7 7. Nc3 c6 8. e4 c5 9. dxc5 dxc5 10. Qc2 Qc7 11. b3 b6 12. Bb2 Bb7 13. Rad1 Rfd8 14. Nd5 Nxd5 15. exd5 Bd6 16. Rfe1 Re8 17. h4 Re7 18. Ng5 Nf8 19. Ne4 Rae8 20. Re2 Bc8 21. Nxd6 Qxd6 22. Rde1 Bg4 23. Re3 Nd7 24. f3 Bh5 25. g4 Bg6 26. Qc3 f5 27. h5 f4 28. R3e2 Bf7 29. Re4 Qf6 30. Qd2 g6 31. hxg6 hxg6 32. a3 g5 33. b4 Bg6 34. R4e2 Qf7 35. d6 Re6 36. Qd5 cxb4 37. axb4 Nf6 38. Qd2 Nd7 39. Qd5 Rf6 40. Qc6 Bd3 41. Rd2 Bxc4 42. Bf1 Bxf1 43. Kxf1 Rfe6 44. Rh2 Kg7 45. Rh5 Rg6 46. Kg2 Kf6 47. Re4 Rgg8 48. Rxf4+ gxf4 49. Rf5+ Kg6 50. Rxf7 Kxf7 51. Qxd7+ Kf6 52. Qf5+ Kg7 53. Bxe5+ Kh6 54. Qh5# 1-0

[Event "Wch U12 Girls"]
[Site "Sharm El Sheikh"]
[Date "2023.10.17"]
[Round "2"]
[White "Sunea, Sara Maria"]
[Black "Aslan, Ela"]
[Result "1/2-1/2"]
[WhiteElo "1723"]
[BlackElo "1433"]
[PlyCount "112"]
[EventDate "2023.10.16"]
[EventType "swiss"]
[EventRounds "11"]
[EventCountry "EGY"]
[SourceTitle "EXT 2025"]
[Source "ChessBase"]
[SourceDate "2024.10.14"]
[SourceVersion "1"]
[SourceVersionDate "2024.10.14"]
[SourceQuality "1"]

1. e4 c5 2. c3 Nf6 3. e5 Nd5 4. d4 cxd4 5. cxd4 e6 6. Nf3 d6 7. Bc4 Nc6 8. exd6 Bxd6 9. Nc3 0-0 10. 0-0 Nxc3 11. bxc3 Qc7 12. Bd3 g6 13. Re1 b6 14. h4 Ne7 15. Qd2 Bb7 16. Ne5 Rac8 17. Bb2 Rfd8 18. h5 Nf5 19. Rad1 Nh4 20. Bf1 Bxe5 21. Rxe5 Bf3 22. Rde1 Bxh5 23. Qg5 Nf5 24. Ba6 Rb8 25. Qf4 Qe7 26. d5 Qd6 27. dxe6 fxe6 28. Qc4 Ng7 29. g4 Bxg4 30. Qxg4 b5 31. Bxb5 a6 32. c4 axb5 33. cxb5 Qd3 34. Qe2 Qd7 35. a4 Ra8 36. Qc4 Rdc8 37. Qb3 Qb7 38. R5e4 Qe7 39. Rg4 Qf7 40. Bxg7 Kxg7 41. Qxe6 Qxe6 42. Rxe6 Rc1+ 43. Kg2 Kf7 44. Rc6 Rxc6 45. bxc6 Ke7 46. Rc4 Kd8 47. Kf3 Kc7 48. Kf4 Ra5 49. Ke3 Rf5 50. f4 Rf6 51. a5 Rxc6 52. Re4 Rd6 53. Kf3 Rd7 54. Kg4 Kb7 55. Re6 Ka7 56. Kg5 Rf7 1/2-1/2

[Event "TUR-ch U07/12 Girls"]
[Site "Antalya"]
[Date "2023.01.28"]
[Round "9"]
[White "Aslan, Ela"]
[Black "Zengin, Ovgu"]
[Result "1/2-1/2"]
[WhiteElo "1448"]
[BlackElo "1482"]
[PlyCount "78"]
[EventDate "2023.01.17"]
[EventType "swiss"]
[EventRounds "9"]
[EventCountry "TUR"]
[SourceTitle "EXT 2024"]
[Source "ChessBase"]
[SourceDate "2023.10.10"]
[SourceVersion "1"]
[SourceVersionDate "2023.10.10"]
[SourceQuality "1"]

1. Nf3 Nf6 2. b3 d5 3. Bb2 e6 4. e3 Be7 5. d4 0-0 6. Bd3 Nbd7 7. 0-0 Ne4 8. Nbd2 f5 9. Ne5 Nxe5 10. dxe5 Bd7 11. Rc1 Be8 12. Qe2 Nc5 13. Rfd1 Nxd3 14. Qxd3 Bg6 15. f4 Bc5 16. Nf3 Bb6 17. Nd4 Re8 18. c4 dxc4 19. Qxc4 Qe7 20. Rd3 Bh5 21. Nxf5 Qf7 22. Ng3 Bg6 23. Rdc3 Rad8 24. Rf1 Rd2 25. Bc1 Rxa2 26. Kh1 Ra5 27. e4 Rc5 28. Qd3 Rxc3 29. Qxc3 Qe7 30. f5 Bf7 31. f6 Qc5 32. Qd2 Qxe5 33. Bb2 Qd6 34. Qg5 g6 35. e5 Qf8 36. Nh5 h6 37. Qg4 Kh7 38. Ng7 Qg8 39. Bc1 g5 1/2-1/2

[Event "TUR-ch U07/12 Girls"]
[Site "Antalya"]
[Date "2023.01.26"]
[Round "7"]
[White "Kalyoncu, Beren"]
[Black "Aslan, Ela"]
[Result "0-1"]
[WhiteElo "1355"]
[BlackElo "1448"]
[PlyCount "62"]
[EventDate "2023.01.17"]
[EventType "swiss"]
[EventRounds "9"]
[EventCountry "TUR"]
[SourceTitle "EXT 2024"]
[Source "ChessBase"]
[SourceDate "2023.10.10"]
[SourceVersion "1"]
[SourceVersionDate "2023.10.10"]
[SourceQuality "1"]

1. e4 c5 2. Nf3 a6 3. c3 Qa5 4. Be2 e6 5. 0-0 Nc6 6. d3 Nf6 7. h3 d5 8. exd5 exd5 9. d4 cxd4 10. Nxd4 Be7 11. Be3 0-0 12. Nd2 Nxd4 13. Bxd4 Bf5 14. Qb3 Qc7 15. Nf3 Be6 16. Be5 Bd6 17. Bxd6 Qxd6 18. Nd4 Ne4 19. Qc2 Rac8 20. Bd3 f5 21. Rfe1 Bd7 22. Rad1 Rf6 23. Bxe4 fxe4 24. Ne2 Rcf8 25. Ng3 Rxf2 26. Qxf2 Rxf2 27. Kxf2 Qf4+ 28. Kg1 Qxg3 29. Re2 Bb5 30. Rf2 e3 31. Rf3 e2 0-1

[Event "TUR-ch U07/12 Girls"]
[Site "Antalya"]
[Date "2023.01.25"]
[Round "6"]
[White "Aslan, Ela"]
[Black "Tumer, Eylul"]
[Result "1-0"]
[WhiteElo "1448"]
[BlackElo "1110"]
[PlyCount "73"]
[EventDate "2023.01.17"]
[EventType "swiss"]
[EventRounds "9"]
[EventCountry "TUR"]
[SourceTitle "EXT 2024"]
[Source "ChessBase"]
[SourceDate "2023.10.10"]
[SourceVersion "1"]
[SourceVersionDate "2023.10.10"]
[SourceQuality "1"]

1. Nf3 Nf6 2. g3 d5 3. Bg2 Bf5 4. 0-0 e6 5. c4 c6 6. d4 Be7 7. Nc3 0-0 8. Re1 Nbd7 9. b3 Ne4 10. Nxe4 Bxe4 11. Bb2 Qc7 12. Nd2 Bxg2 13. Kxg2 Bf6 14. e4 Rfe8 15. Rc1 Qb6 16. Nf3 Rad8 17. e5 Be7 18. c5 Qc7 19. h4 h5 20. Ng5 Bxg5 21. hxg5 g6 22. g4 hxg4 23. Rh1 Kf8 24. Qxg4 Ke7 25. Rc3 Rh8 26. Rh6 Rde8 27. Rf3 Rxh6 28. gxh6 Rh8 29. Bc1 a6 30. Qh4+ Ke8 31. Bg5 Nf8 32. Bf6 Rh7 33. Rh3 a5 34. a3 Qd7 35. Qg5 Qc7 36. Qd2 Kd7 37. Rf3 1-0

[Event "TUR-ch U07/12 Girls"]
[Site "Antalya"]
[Date "2023.01.24"]
[Round "4"]
[White "Aslan, Ela"]
[Black "Sehirli, Hayat"]
[Result "1-0"]
[WhiteElo "1448"]
[BlackElo "1315"]
[PlyCount "128"]
[EventDate "2023.01.17"]
[EventType "swiss"]
[EventRounds "9"]
[EventCountry "TUR"]
[SourceTitle "EXT 2024"]
[Source "ChessBase"]
[SourceDate "2023.10.10"]
[SourceVersion "1"]
[SourceVersionDate "2023.10.10"]
[SourceQuality "1"]

1. e4 d6 2. d4 g6 3. Nc3 Bg7 4. Be3 Nc6 5. Qd2 e5 6. Nge2 Nge7 7. f3 0-0 8. g4 exd4 9. Nxd4 Nxd4 10. Bxd4 Bxd4 11. Qxd4 Nc6 12. Qf2 Be6 13. 0-0-0 Qf6 14. Qg3 Ne5 15. Be2 g5 16. Kb1 Ng6 17. h3 a6 18. Qf2 Kg7 19. Rh2 b5 20. Rdh1 b4 21. Nd1 h6 22. Ne3 a5 23. Nd1 a4 24. Bd3 b3 25. a3 bxc2+ 26. Bxc2 Rfb8 27. h4 gxh4 28. f4 Qxf4 29. Qxf4 Nxf4 30. Rxh4 Rh8 31. Ne3 Ng6 32. R4h2 Ne5 33. Bd1 c6 34. Rd2 Rhd8 35. Rdh2 Rh8 36. Rd2 Rad8 37. Bxa4 Nxg4 38. Nxg4 Bxg4 39. Bxc6 h5 40. b4 Kf6 41. Rf1+ Ke7 42. Rdf2 Rh7 43. b5 Bd7 44. Rc1 Rb8 45. a4 h4 46. Kb2 h3 47. Rh2 Rh4 48. Bxd7 Kxd7 49. Kb3 Rxe4 50. Rxh3 Ra8 51. Ra1 Ra5 52. Rc3 f5 53. b6 Ra6 54. Rc7+ Kd8 55. a5 Re8 56. Rd1 Re6 57. Ra7 Rxb6+ 58. axb6 Kc8 59. Rh1 Re8 60. Rc1+ Kb8 61. Kb4 Re5 62. Rf7 f4 63. Rcc7 Re4+ 64. Kb5 Re1 1-0

[Event "TUR-ch U07/12 Girls"]
[Site "Antalya"]
[Date "2023.01.23"]
[Round "2"]
[White "Aslan, Ela"]
[Black "Sahin, Fatma Zumra"]
[Result "1-0"]
[WhiteElo "1448"]
[BlackElo "1040"]
[PlyCount "89"]
[EventDate "2023.01.17"]
[EventType "swiss"]
[EventRounds "9"]
[EventCountry "TUR"]
[SourceTitle "EXT 2024"]
[Source "ChessBase"]
[SourceDate "2023.10.10"]
[SourceVersion "1"]
[SourceVersionDate "2023.10.10"]
[SourceQuality "1"]

1. e4 c5 2. d3 g6 3. Nf3 Nc6 4. Nbd2 Nf6 5. g3 Bg7 6. Bg2 0-0 7. 0-0 d6 8. Re1 h6 9. c3 Be6 10. Qc2 Rb8 11. b3 b5 12. Bb2 a5 13. Rad1 Qd7 14. d4 cxd4 15. Nxd4 Nxd4 16. cxd4 Rfc8 17. Qd3 d5 18. f3 Qa7 19. Nf1 b4 20. Rc1 a4 21. e5 Nd7 22. Ne3 axb3 23. axb3 Qa2 24. Ba1 Qa3 25. Rb1 Ra8 26. f4 Nb8 27. Nxd5 Bxd5 28. Bxd5 Ra5 29. Bb2 Qa2 30. Ra1 Qxb2 31. Rxa5 Rc2 32. Ra8 Rxh2 33. Rxb8+ Kh7 34. Qe3 e6 35. Bf3 f5 36. Re2 Rxe2 37. Bxe2 g5 38. fxg5 hxg5 39. Kf1 Bh6 40. Qd3 g4 41. Qc4 Qb1+ 42. Kf2 Qe4 43. Qc7+ Kg6 44. Rg8+ Kh5 45. Qf7# 1-0